=LDR 00000nam 2200000 4500 =001 INLIS000000000015324 =005 20130612110614 =008 ***********************************Ind** =035 ##$$0010-061300000015324 =041 ##$$a Ind =082 ##$$a 636.5 =090 ##$$a 636.5, Sud-a =100 ##$$a Sudiro, Frand =245 ##$$a Aneka Ayam Hias, dan Piaraan, Frans Sudiro dkk =260 ##$$a 1995 $b Yogyakarta =300 ##$$a 267 hlm, Ilus, 21 cm =650 ##$$a Ayam Hias =850 ##$$a NBPNMAT